Countries with the most trading - Statistics

General Stats
  • This quiz has been taken 35 times
  • The average score is 12 of 15
Answer Stats
Percentage of world trade Country % Correct
14.0 China
100%
2.3 United Kingdom
100%
2.8 France
97%
2.2 Canada
90%
7.8 Germany
90%
2.8 Italy
90%
3.6 Japan
90%
8.1 USA
90%
2.4 Mexico
84%
2.9 South Korea
81%
3.8 Netherlands
71%
2 Taiwan
68%
2.4 Belgium
58%
2.1 Singapore
58%
3.1 Hong Kong
10%
No matching quizzes found
Score Distribution
Percent of People with Each Score
Percentile by Number Answered
Your Score History
You have not taken this quiz